Normal view
MARC view
Entry Personal Name
001 - CONTROL NUMBER
- control field: 5813
003 - CONTROL NUMBER IDENTIFIER
- control field: ARRUPE
005 - DATE AND TIME OF LATEST TRANSACTION
- control field: 20131217110600.0
008 - FIXED-LENGTH DATA ELEMENTS
- fixed length control field: 131217|| aca||aabn | a|a d
040 ## - CATALOGING SOURCE
- Original cataloging agency: ARRUPE
- Transcribing agency: ARRUPE
100 ## - HEADING--PERSONAL NAME
- Personal name: Ncube, Raphael Mabuza
670 ## - SOURCE DATA FOUND
- Source citation: Work cat.: (ARRUPE): Ncube, Raphael Mabuza, Mary mother and hope of Africa, 2010